Loading...
| Fine Arts - Auditory | 1 | 20.00 | 100% | 100% | 0% |
| Fine Arts - Other | 1 | 30.00 | 100% | 100% | 100% |
| Fine Arts - Visual | 5 | 8.00 | 80% | 0% | 0% |
| Geography | 3 | 16.67 | 100% | 67% | 0% |
| History - American | 1 | 20.00 | 100% | 100% | 0% |
| History - Ancient/Other | 1 | 10.00 | 100% | 0% | 0% |
| History - European | 5 | 14.00 | 100% | 20% | 20% |
| History - World | 1 | 10.00 | 100% | 0% | 0% |
| Literature - American | 2 | 15.00 | 100% | 50% | 0% |
| Literature - British | 3 | 13.33 | 100% | 0% | 33% |
| Literature - European | 3 | 16.67 | 100% | 33% | 33% |
| Literature - World | 1 | 10.00 | 0% | 100% | 0% |
| Mythology | 1 | 20.00 | 100% | 100% | 0% |
| Other Academic | 1 | 10.00 | 100% | 0% | 0% |
| Philosophy | 2 | 10.00 | 50% | 50% | 0% |
| Religion | 2 | 10.00 | 50% | 50% | 0% |
| Science - Biology | 2 | 5.00 | 50% | 0% | 0% |
| Science - Chemistry | 3 | 6.67 | 33% | 33% | 0% |
| Science - Other | 4 | 12.50 | 75% | 50% | 0% |
| Science - Physics | 4 | 10.00 | 75% | 25% | 0% |
| Social Science | 4 | 10.00 | 50% | 25% | 25% |